000 00186nam a2200085 4500
001 1257951
005 20260220134713.0
245 _aORHAN YAZITLARI
_cYÜCEL ÖZTÜRK
260 _bCEZVE ÇOCUK
999 _c1257951
_d1257951